4-Letter Words Starting With TR - Statistics

General Stats
  • This quiz has been taken 169 times
    162 since last reset
  • The average score is 11 of 13
Answer Stats
word % Correct
trip
98%
tram
97%
trap
96%
tree
94%
tray
92%
trim
91%
true
86%
trad
84%
trot
83%
trek
79%
trig
76%
trod
75%
trio
72%
No matching quizzes found
Score Distribution
Percent of People with Each Score
Percentile by Number Answered
Your Score History
You have not taken this quiz since the last reset